000 00351nam a2200145Ia 4500
008 191201s2008 xx 000 0 und d
082 _a658.5
_bBUM
100 _aBUFF, Elwood
245 0 _aModern Production/Operations Management
250 _a8th
260 _aN.Delhi
_bJohn Wiley
_c2008
300 _a834
650 _aB.Tech(ME)
942 _2ddc
_cBK
999 _c3533
_d3533